• 首页
  • 本馆介绍
  • 公告通知
  • 最新文献
  • 馆藏检索
  • 电子资源
  • 读者导购
  • 参考咨询
  • 我的图书馆
  • 登录
  • 详细信息显示
  • 放入我的书架
  • 预约/预借图书
  • 作者相关作品
  • 分类相关作品
  • 丛书相关作品
  • 出版社相关作品

书目信息

  • 表格格式
  • 工作单格式
  • 卡片格式
题名:
中国梦与祖国一起腾飞教育读本
    
 
作者: 尹建国 , 陈光军 主编
分册:  
出版信息: 北京   中共中央党校出版社  2013
页数: 215页
开本: 24cm
丛书名:
单 册:
中图分类: D616-49
科图分类:
主题词: 中国特色社会主义--通俗读物 , 中国特色社会主义
电子资源:
ISBN: 978-7-5035-5201-4
000 00886nam0 2200253 450
001 97
005 20180519104259.92
010    @a978-7-5035-5201-4@dCNY32.00
090    @aD616@byjg
100    @a20140429d2013 em y0chiy50 ea
101 0  @achi
102    @aCN@b110000
105    @ay z 000yy
200 1  @a中国梦与祖国一起腾飞教育读本@9zhong guo meng yu zu guo yi qi teng fei jiao yu du ben@f尹建国,陈光军主编
210    @a北京@c中共中央党校出版社@d2013
215    @a215页@d24cm
330    @a本书介绍了“中国梦”的内涵了、特征、意义、时代要求,同时介绍了全面建成小康社会、实现国家繁荣富强、振兴中华民族等内容。
606 0  @a中国特色社会主义@j通俗读物
606 0  @a中国特色社会主义
690    @aD616-49@v5
701  0 @a尹建国@9yin jian guo@f(1950.10~)@4主编
701  0 @a陈光军@9chen guang jun@f(1963~)@4主编
801  0 @aCN@bNLC@c20140429
905    @aMuseLib@dD616-49@e219
    
    中国梦与祖国一起腾飞教育读本/尹建国,陈光军主编.-北京:中共中央党校出版社,2013
    215页;24cm
    
    
    ISBN 978-7-5035-5201-4:CNY32.00
    本书介绍了“中国梦”的内涵了、特征、意义、时代要求,同时介绍了全面建成小康社会、实现国家繁荣富强、振兴中华民族等内容。
●
相关链接 在E读中查询图书 在五车中查询图书 在当当中查询图书 在豆瓣中查询图书


正题名:中国梦与祖国一起腾飞教育读本     索取号:D616-49/219         预约/预借

序号 登录号 条形码 馆藏地/架位号 状态 备注
1 1100508   211005080   第一样本阅览室/ [索取号:D616-49/219] 在馆    
2 1100509   211005099   教育系资料室/ [索取号:D616-49/219] 在馆    
3 1100510   211005106   教育系资料室/ [索取号:D616-49/219] 在馆    
4 1100511   211005115   教育系资料室/ [索取号:D616-49/219] 在馆    
5 1100512   211005124   第一借阅区/ [索取号:D616-49/219] 在馆    
6 1100513   211005133   第一借阅区/ [索取号:D616-49/219] 在馆    
唐山师范学院图书馆 欢迎您!
大连网信软件有限公司© 版权所有